[Event "Chess House 2012"]
[Site "?"]
[Date "2012.07.11"]
[Round "5.1"]
[White "Fredericia, 2081, WFM Louise"]
[Black "Berg, 2005, WFM Susanna"]
[Result "1/2-1/2"]
[LiveChessVersion "1.3.1"]
[BlackElo "2005"]
[WhiteElo "2081"]

1. c4 e6 2. g3 d5 3. Bg2 Nf6 4. Nf3 Bd6 5. O-O O-O 6. b3 e5 7. Bb2 e4 8. Ne1 dxc4
9. bxc4 Be6 10. Nc3 Nbd7 11. Nxe4 Nxe4 12. Bxe4 f5 13. Bd3 Nc5 14. Qc2 Qg5 15. f4
Qg6 16. e3 Ne4 17. Be2 Bb4 18. Rd1 Rad8 19. Bc1 h5 20. Ng2 c5 21. a3 Ba5 22. Bf3
Qf7 23. d3 Nf6 24. Bd2 Qc7 25. e4 Bxd2 26. Rxd2 fxe4 27. dxe4 Rxd2 28. Qxd2 Bxc4
29. Rc1 Bf7 30. Ne3 c4 31. e5 Ng4 32. Nf5 Qc5+ 33. Kg2 b5 34. h3 Be6 35. Nd4 Rd8
36. hxg4 hxg4 37. Be4 Rxd4 38. Qf2 Qb6 39. Bb1 Qc6+ 40. Kg1 Qd5 41. Re1 Rd2 42.
Re2 Rd1+ 43. Re1 Rxe1+ 44. Qxe1 Qd4+ 45. Qf2 Qd1+ 46. Qf1 Qb3 47. Kh2 Qb2+ 48.
Kg1 Qxa3 49. Qe1 Qa1 50. Qe4 Qa6 51. f5 Qb6+ 52. Kf1 Bc8 53. f6 gxf6 54. Qg6+ Kf8
55. exf6 Qb7 56. Qh6+ Ke8 57. Bg6+ Kd8 58. Qf8+ Kc7 59. Qe7+ Bd7 60. Be4 Qa6 61.
Qe5+ Qd6 62. Qc3 Qd1+ 63. Kf2 Be6 64. Qa5+ Kd6 65. Qd8+ Bd7 66. Qe7+ Kc7 67. f7
Qd4+ 68. Kg2 Qd2+ 69. Kg1 Qe1+ 70. Kh2 Qe2+ 1/2-1/2

[Event "Chess House 2012"]
[Site "?"]
[Date "2012.07.11"]
[Round "5.2"]
[White "Jørgensen, 2039, Carina"]
[Black "Kirsanova, 2159, WFM Ekaterina"]
[Result "0-1"]
[LiveChessVersion "1.3.1"]
[BlackElo "2159"]
[WhiteElo "2039"]

1. c4 {[%clk 1:21:13]} c5 {[%clk 1:30:52]} 2. g3 {[%clk 1:21:37]} Nf6
{[%clk 1:31:12]} 3. Bg2 {[%clk 1:21:44]} d5 {[%clk 1:30:18]} 4. cxd5
{[%clk 1:21:36]} Nxd5 {[%clk 1:30:44]} 5. f4 {[%clk 1:20:56]} Nc6
{[%clk 1:22:45]} 6. Nc3 {[%clk 1:20:24]} Nc7 {[%clk 1:16:34]} 7. b3
{[%clk 1:19:43]} e6 {[%clk 0:58:34]} 8. Bb2 {[%clk 1:19:10]} Be7 {[%clk 0:58:36]}
9. Rc1 {[%clk 1:15:21]} O-O {[%clk 0:49:58]} 10. Na4 {[%clk 1:12:37]} Nd5
{[%clk 0:47:19]} 11. Nxc5 {[%clk 1:03:58]} Qa5 {[%clk 0:46:42]} 12. Bxd5
{[%clk 1:04:01]} exd5 {[%clk 0:44:34]} 13. Na4 {[%clk 1:01:00]} d4
{[%clk 0:38:29]} 14. Nf3 {[%clk 0:59:03]} Bh3 {[%clk 0:37:07]} 15. Rxc6
{[%clk 0:52:04]} bxc6 {[%clk 0:34:46]} 16. Nxd4 {[%clk 0:52:08]} Qd5
{[%clk 0:31:15]} 17. Rg1 {[%clk 0:52:03]} Bf6 {[%clk 0:30:40]} 18. e3
{[%clk 0:51:32]} c5 {[%clk 0:19:54]} 19. Nb5 {[%clk 0:49:38]} Qc6
{[%clk 0:18:07]} 20. Bxf6 {[%clk 0:48:51]} Qxf6 {[%clk 0:14:31]} 21. Kf2
{[%clk 0:42:15]} Qc6 {[%clk 0:14:20]} 22. Nbc3 {[%clk 0:41:38]} Be6
{[%clk 0:14:19]} 23. Qc2 {[%clk 0:31:58]} Rfd8 {[%clk 0:12:08]} 24. f5
{[%clk 0:28:42]} Bc8 {[%clk 0:11:51]} 25. e4 {[%clk 0:28:15]} Qh6
{[%clk 0:11:07]} 26. d3 {[%clk 0:25:31]} Qxh2+ {[%clk 0:10:53]} 27. Rg2
{[%clk 0:25:57]} Qh5 {[%clk 0:10:09]} 28. g4 {[%clk 0:19:07]} Qh4+
{[%clk 0:09:40]} 29. Kf3 {[%clk 0:18:59]} Qh3+ {[%clk 0:09:41]} 30. Rg3
{[%clk 0:19:08]} Qf1+ {[%clk 0:09:57]} 31. Ke3 {[%clk 0:19:33]} Qe1+
{[%clk 0:09:16]} 32. Ne2 {[%clk 0:19:59]} Ba6 {[%clk 0:09:10]} 33. Nxc5
{[%clk 0:09:47]} Rac8 {[%clk 0:09:17]} 34. d4 {[%clk 0:10:12]} Bxe2
{[%clk 0:09:32]} 0-1

[Event "Chess House 2012"]
[Site "?"]
[Date "2012.07.11"]
[Round "5.3"]
[White "Skytte, 1948, Torill"]
[Black "Zhang, 2087, Fan"]
[Result "1/2-1/2"]
[LiveChessVersion "1.3.1"]
[BlackElo "2087"]
[WhiteElo "1948"]

1. d4 {[%clk 1:30:57]} Nf6 {[%clk 1:30:53]} 2. Bf4 {[%clk 1:31:16]} e6
{[%clk 1:31:10]} 3. e3 {[%clk 1:31:25]} c5 {[%clk 1:29:51]} 4. c3
{[%clk 1:26:23]} Nc6 {[%clk 1:29:01]} 5. Nd2 {[%clk 1:25:45]} Be7
{[%clk 1:28:32]} 6. Bd3 {[%clk 1:25:03]} b6 {[%clk 1:27:22]} 7. h3
{[%clk 1:22:20]} Bb7 {[%clk 1:26:56]} 8. Ngf3 {[%clk 1:22:38]} O-O
{[%clk 1:26:33]} 9. Qe2 {[%clk 1:19:42]} Rc8 {[%clk 1:24:36]} 10. O-O
{[%clk 1:17:55]} Nh5 {[%clk 1:19:34]} 11. Bh2 {[%clk 1:06:38]} f5
{[%clk 1:18:35]} 12. Nc4 {[%clk 1:02:06]} d6 {[%clk 1:12:42]} 13. a4
{[%clk 0:57:40]} Nf6 {[%clk 1:00:18]} 14. Rfd1 {[%clk 0:53:57]} d5
{[%clk 0:56:39]} 15. Nce5 {[%clk 0:53:44]} Ne4 {[%clk 0:54:50]} 16. Bb5
{[%clk 0:45:03]} Nxe5 {[%clk 0:48:13]} 17. Nxe5 {[%clk 0:43:45]} c4
{[%clk 0:43:59]} 18. Bd7 {[%clk 0:43:08]} Rf6 {[%clk 0:35:22]} 19. Bxc8
{[%clk 0:41:56]} Qxc8 {[%clk 0:35:47]} 20. f3 {[%clk 0:39:46]} Ng5
{[%clk 0:34:17]} 21. Bf4 {[%clk 0:35:21]} Rf8 {[%clk 0:33:32]} 22. Qf2
{[%clk 0:34:28]} Qd8 {[%clk 0:32:26]} 23. Qg3 {[%clk 0:30:42]} Nf7
{[%clk 0:28:50]} 24. Nxf7 {[%clk 0:30:28]} Rxf7 {[%clk 0:29:18]} 25. Bc7
{[%clk 0:24:28]} Qd7 {[%clk 0:26:10]} 26. a5 {[%clk 0:19:58]} b5 {[%clk 0:25:54]}
27. a6 {[%clk 0:19:13]} Bc8 {[%clk 0:24:52]} 28. Rdb1 {[%clk 0:15:58]} Qc6
{[%clk 0:20:18]} 29. Bb8 {[%clk 0:15:40]} Bf8 {[%clk 0:19:41]} 30. Ra2
{[%clk 0:12:52]} Qb6 {[%clk 0:19:05]} 31. Be5 {[%clk 0:13:04]} Bxa6 32. Rba1
{[%clk 0:11:29]} Bc8 {[%clk 0:18:32]} 33. h4 {[%clk 0:11:05]} a6 {[%clk 0:16:41]}
34. h5 {[%clk 0:11:29]} Qd8 {[%clk 0:09:34]} 35. Kf2 {[%clk 0:08:03]} Be7
{[%clk 0:04:48]} 36. Bc7 {[%clk 0:08:03]} Qd7 {[%clk 0:04:35]} 37. Ke2
{[%clk 0:04:54]} Bf8 {[%clk 0:03:14]} 38. Be5 {[%clk 0:05:16]} Qd8
{[%clk 0:03:19]} 39. Qf4 {[%clk 0:02:50]} Be7 {[%clk 0:01:07]} 40. Bb8
{[%clk 0:00:57]} Bf8 {[%clk 0:00:33]} 41. Qg3 {[%clk 0:28:26]} Qb6
{[%clk 0:29:05]} 42. Be5 {[%clk 0:25:50]} Qd8 {[%clk 0:28:21]} 43. Qf4
{[%clk 0:23:52]} 1/2-1/2

[Event "Chess House 2012"]
[Site "?"]
[Date "2012.07.11"]
[Round "5.4"]
[White "Doluhanova, 2194, WGM Evgeniya"]
[Black "Krasenkova, 2132, WIM Ilena"]
[Result "1/2-1/2"]
[LiveChessVersion "1.3.1"]
[BlackElo "2132"]
[WhiteElo "2194"]

1. e4 {[%clk 1:30:51]} c5 {[%clk 1:30:56]} 2. Nf3 {[%clk 1:31:18]} Nc6
{[%clk 1:31:16]} 3. d4 {[%clk 1:31:45]} cxd4 {[%clk 1:31:41]} 4. Nxd4
{[%clk 1:32:13]} Nf6 {[%clk 1:31:59]} 5. Nc3 {[%clk 1:32:37]} e5 {[%clk 1:32:11]}
6. Ndb5 {[%clk 1:33:04]} d6 {[%clk 1:32:36]} 7. Bg5 {[%clk 1:33:21]} a6
{[%clk 1:32:43]} 8. Na3 {[%clk 1:31:45]} b5 {[%clk 1:32:59]} 9. Nd5
{[%clk 1:31:54]} Be7 {[%clk 1:33:16]} 10. Bxf6 {[%clk 1:31:31]} Bxf6
{[%clk 1:33:39]} 11. c4 {[%clk 1:31:59]} O-O {[%clk 1:33:37]} 12. cxb5
{[%clk 1:28:17]} axb5 {[%clk 1:32:45]} 13. Be2 {[%clk 1:20:48]} Nd4
{[%clk 1:29:21]} 14. Nc2 {[%clk 1:18:46]} Nxc2+ {[%clk 1:24:12]} 15. Qxc2
{[%clk 1:19:11]} Be6 {[%clk 1:22:10]} 16. O-O {[%clk 1:13:28]} Bxd5
{[%clk 1:21:05]} 17. exd5 {[%clk 1:13:53]} Qb6 {[%clk 1:16:49]} 18. Bd3
{[%clk 1:06:36]} g6 {[%clk 1:16:21]} 19. Qe2 {[%clk 1:06:25]} b4 {[%clk 1:13:01]}
20. Rfc1 {[%clk 0:59:02]} e4 {[%clk 1:05:40]} 21. Bxe4 {[%clk 0:45:53]} Qd4
{[%clk 1:03:31]} 22. Rab1 {[%clk 0:44:28]} Rxa2 {[%clk 1:00:12]} 23. Rc4
{[%clk 0:43:21]} Rxb2 {[%clk 0:55:46]} 24. Rxb2 {[%clk 0:43:11]} Qxb2
{[%clk 0:56:09]} 25. Qxb2 {[%clk 0:43:39]} Bxb2 {[%clk 0:56:34]} 26. Rxb4
{[%clk 0:44:06]} Ba3 {[%clk 0:56:16]} 27. Ra4 {[%clk 0:43:08]} Bc5
{[%clk 0:56:37]} 28. g4 {[%clk 0:40:35]} Rb8 {[%clk 0:56:45]} 29. Ra2
{[%clk 0:41:01]} Rb4 {[%clk 0:56:59]} 30. Re2 {[%clk 0:41:24]} h6
{[%clk 0:57:04]} 31. Kg2 {[%clk 0:41:04]} g5 {[%clk 0:57:02]} 32. h3
{[%clk 0:41:08]} 1/2-1/2

[Event "Chess House 2012"]
[Site "?"]
[Date "2012.07.11"]
[Round "5.5"]
[White "de Blecourt, 2069, WFM Sandra"]
[Black "Agrest, 2207, WIM Inna"]
[Result "0-1"]
[LiveChessVersion "1.3.1"]
[BlackElo "2207"]
[WhiteElo "2069"]

1. d4 {[%clk 1:30:57]} Nf6 {[%clk 1:30:01]} 2. c4 {[%clk 1:31:23]} g6
{[%clk 1:30:12]} 3. Nc3 {[%clk 1:31:49]} Bg7 {[%clk 1:30:23]} 4. e4
{[%clk 1:32:13]} d6 {[%clk 1:30:25]} 5. Bd3 {[%clk 1:32:34]} O-O {[%clk 1:29:58]}
6. Nge2 {[%clk 1:32:57]} Nc6 {[%clk 1:28:44]} 7. O-O {[%clk 1:32:13]} Nh5
{[%clk 1:27:51]} 8. Be3 {[%clk 1:27:50]} e5 {[%clk 1:26:36]} 9. d5
{[%clk 1:28:06]} Ne7 {[%clk 1:25:37]} 10. Qd2 {[%clk 1:23:02]} f5
{[%clk 1:24:26]} 11. exf5 {[%clk 1:23:19]} gxf5 {[%clk 1:24:08]} 12. f4
{[%clk 1:19:21]} Ng6 {[%clk 1:21:52]} 13. Rae1 {[%clk 1:15:59]} Kh8
{[%clk 1:11:00]} 14. Nd1 {[%clk 1:11:27]} Qe7 {[%clk 0:42:00]} 15. b4
{[%clk 0:48:20]} a5 {[%clk 0:37:45]} 16. bxa5 {[%clk 0:33:27]} Qf7
{[%clk 0:33:45]} 17. h3 {[%clk 0:27:06]} Rg8 {[%clk 0:29:30]} 18. g4
{[%clk 0:20:57]} fxg4 {[%clk 0:21:39]} 19. f5 {[%clk 0:21:16]} Ngf4
{[%clk 0:20:50]} 20. Bxf4 {[%clk 0:14:08]} exf4 {[%clk 0:20:19]} 21. hxg4
{[%clk 0:14:24]} Be5 {[%clk 0:18:42]} 22. Nxf4 {[%clk 0:08:19]} Rxg4+
{[%clk 0:14:18]} 23. Ng2 {[%clk 0:08:26]} Bd7 {[%clk 0:12:02]} 24. Rxe5
{[%clk 0:05:48]} dxe5 {[%clk 0:12:30]} 25. Nde3 {[%clk 0:06:06]} Rg3
{[%clk 0:12:13]} 26. Qb2 {[%clk 0:05:53]} Qf6 {[%clk 0:10:27]} 27. Be2
{[%clk 0:04:56]} Rag8 {[%clk 0:08:43]} 28. Bxh5 {[%clk 0:02:03]} Rxe3
{[%clk 0:09:07]} 29. Bf3 {[%clk 0:02:01]} Qxf5 {[%clk 0:07:54]} 30. Qf2
{[%clk 0:02:15]} Qg5 {[%clk 0:07:25]} 31. Kh1 {[%clk 0:01:43]} Qh6+
{[%clk 0:07:27]} 32. Qh4 {[%clk 0:02:07]} Qxh4+ {[%clk 0:06:35]} 33. Nxh4
{[%clk 0:02:36]} e4 {[%clk 0:06:34]} 34. Bg2 {[%clk 0:02:52]} Bh3
{[%clk 0:06:02]} 35. Rb1 {[%clk 0:03:00]} Rg4 {[%clk 0:04:26]} 36. Rxb7
{[%clk 0:02:37]} Rxh4 {[%clk 0:03:53]} 37. a6 {[%clk 0:02:45]} Bc8+
{[%clk 0:02:22]} 38. Kg1 {[%clk 0:02:52]} Bxb7 {[%clk 0:02:15]} 39. axb7
{[%clk 0:02:45]} Re1+ {[%clk 0:02:42]} 40. Kf2 {[%clk 0:03:08]} Rb1
{[%clk 0:03:09]} 41. Kg3 {[%clk 0:00:38]} e3 {[%clk 0:01:15]} 42. Bf1
{[%clk 0:28:56]} Rh6 {[%clk 0:31:40]} 43. c5 {[%clk 0:26:21]} Rxb7
{[%clk 0:31:54]} 44. a4 {[%clk 0:22:46]} Rg6+ {[%clk 0:32:03]} 45. Kh3
{[%clk 0:17:30]} Rb1 {[%clk 0:32:21]} 0-1

[Event "Chess House 2012"]
[Site "?"]
[Date "2012.07.11"]
[Round "5.6"]
[White "Skytte, 2401, IM Rasmus"]
[Black "Andersen, 2328, Jackie"]
[Result "1/2-1/2"]
[LiveChessVersion "1.3.1"]
[BlackElo "2328"]
[WhiteElo "2401"]

1. e4 {[%clk 1:30:55]} g6 {[%clk 1:30:31]} 2. d4 {[%clk 1:31:17]} Bg7
{[%clk 1:30:28]} 3. Nc3 {[%clk 1:31:35]} d6 {[%clk 1:30:08]} 4. Be3
{[%clk 1:28:32]} Nd7 {[%clk 1:26:41]} 5. Nf3 {[%clk 1:26:45]} Ngf6
{[%clk 1:25:00]} 6. h3 {[%clk 1:18:14]} e5 {[%clk 1:24:15]} 7. dxe5
{[%clk 1:15:41]} dxe5 {[%clk 1:24:06]} 8. Bc4 {[%clk 1:15:22]} O-O
{[%clk 1:23:42]} 9. Qd2 {[%clk 1:09:06]} c6 {[%clk 1:22:13]} 10. Rd1
{[%clk 1:00:53]} Qe7 {[%clk 1:21:22]} 11. Qd6 {[%clk 0:57:47]} Qxd6
{[%clk 1:15:36]} 12. Rxd6 {[%clk 0:58:09]} Re8 {[%clk 1:15:26]} 13. Ng5
{[%clk 0:57:01]} Re7 {[%clk 1:15:45]} 14. O-O {[%clk 0:56:13]} h6
{[%clk 1:13:12]} 15. Nf3 {[%clk 0:55:43]} Bf8 {[%clk 1:09:50]} 16. Nh4
{[%clk 0:41:04]} Re8 {[%clk 1:04:39]} 17. Rdd1 {[%clk 0:40:07]} b5
{[%clk 0:59:03]} 18. Bb3 {[%clk 0:38:07]} Kg7 {[%clk 0:51:55]} 19. f4
{[%clk 0:35:07]} b4 {[%clk 0:46:42]} 20. Na4 {[%clk 0:25:20]} Ba6
{[%clk 0:40:25]} 21. fxe5 {[%clk 0:21:53]} Nxe5 {[%clk 0:39:15]} 22. Rfe1
{[%clk 0:18:10]} Bb5 {[%clk 0:34:15]} 23. Nf3 {[%clk 0:17:07]} Nfd7
{[%clk 0:28:52]} 24. Bd4 1/2-1/2

[Event "Chess House 2012"]
[Site "?"]
[Date "2012.07.11"]
[Round "5.7"]
[White "Eggleston, 2323, FM David"]
[Black "Kyhl Sørensen, 2181, Torben"]
[Result "1-0"]
[LiveChessVersion "1.3.1"]
[BlackElo "2181"]
[WhiteElo "2323"]

1. e4 {[%clk 1:15:02]} d5 {[%clk 1:30:40]} 2. exd5 {[%clk 1:15:13]} Qxd5
{[%clk 1:30:51]} 3. Nf3 {[%clk 1:15:36]} Bg4 {[%clk 1:30:34]} 4. Be2
{[%clk 1:14:34]} Nc6 {[%clk 1:30:45]} 5. d4 {[%clk 1:14:49]} O-O-O
{[%clk 1:30:40]} 6. Be3 {[%clk 1:15:14]} e5 {[%clk 1:30:31]} 7. c4
{[%clk 1:15:17]} Qa5+ {[%clk 1:29:53]} 8. Bd2 {[%clk 1:15:33]} Bb4
{[%clk 1:29:53]} 9. d5 {[%clk 1:15:49]} Bxf3 {[%clk 1:29:50]} 10. Bxf3
{[%clk 1:15:33]} Nd4 {[%clk 1:29:55]} 11. Nc3 {[%clk 1:09:33]} Qa6
{[%clk 1:27:59]} 12. b3 {[%clk 1:07:38]} Qa5 {[%clk 1:27:43]} 13. Rc1
{[%clk 1:00:21]} f5 {[%clk 1:25:06]} 14. O-O {[%clk 0:56:05]} Nf6
{[%clk 1:23:34]} 15. a3 {[%clk 0:37:59]} Qxa3 {[%clk 1:20:34]} 16. Nb5
{[%clk 0:38:24]} Qxb3 {[%clk 1:20:37]} 17. Bxb4 {[%clk 0:24:03]} Qxb4
{[%clk 1:15:59]} 18. Nxd4 {[%clk 0:24:52]} exd4 {[%clk 1:15:33]} 19. Qxd4
{[%clk 0:25:15]} c5 {[%clk 1:04:12]} 20. Qe5 {[%clk 0:17:42]} Ne8
{[%clk 0:57:23]} 21. Rb1 {[%clk 0:16:13]} Qa5 {[%clk 0:56:11]} 22. Rb5
{[%clk 0:12:31]} Qc7 {[%clk 0:42:09]} 23. d6 {[%clk 0:12:55]} Qxd6
{[%clk 0:42:07]} 24. Qxf5+ {[%clk 0:12:43]} Rd7 {[%clk 0:40:05]} 25. Bg4
{[%clk 0:11:20]} b6 {[%clk 0:34:17]} 26. Qf3 {[%clk 0:11:17]} Kb8
{[%clk 0:32:10]} 27. Bxd7 {[%clk 0:11:42]} Qxd7 {[%clk 0:32:30]} 28. Rxc5
{[%clk 0:11:31]} bxc5 {[%clk 0:26:21]} 29. Rb1+ {[%clk 0:11:57]} Kc7
{[%clk 0:26:30]} 30. Rb7+ {[%clk 0:11:58]} Kd8 {[%clk 0:26:55]} 31. Rxd7+
{[%clk 0:12:12]} Kxd7 {[%clk 0:27:03]} 32. Qd5+ {[%clk 0:12:13]} Nd6
{[%clk 0:26:46]} 33. Qxc5 {[%clk 0:12:34]} Rc8 {[%clk 0:25:03]} 34. Qxa7+
{[%clk 0:12:57]} Rc7 {[%clk 0:25:07]} 35. Qd4 {[%clk 0:13:24]} Ke6
{[%clk 0:22:49]} 36. Qd5+ {[%clk 0:13:40]} 1-0

[Event "Chess House 2012"]
[Site "?"]
[Date "2012.07.11"]
[Round "5.8"]
[White "Hagesæther, 2278, Halvard"]
[Black "Semcesen, 2464, IM Daniel"]
[Result "1-0"]
[LiveChessVersion "1.3.1"]
[BlackElo "2464"]
[WhiteElo "2278"]

1. e4 {[%clk 1:30:56]} e5 {[%clk 1:30:35]} 2. f4 {[%clk 1:31:19]} d5
{[%clk 1:29:39]} 3. exd5 {[%clk 1:31:41]} exf4 {[%clk 1:30:03]} 4. Nf3
{[%clk 1:31:57]} c6 {[%clk 1:29:23]} 5. d4 {[%clk 1:28:44]} Bd6 {[%clk 1:29:11]}
6. dxc6 {[%clk 1:16:54]} Nxc6 {[%clk 1:28:33]} 7. Bd3 {[%clk 1:16:43]} Bg4
{[%clk 1:26:06]} 8. c3 {[%clk 1:15:49]} Nge7 {[%clk 1:23:17]} 9. Nbd2
{[%clk 1:10:43]} O-O {[%clk 1:16:39]} 10. O-O {[%clk 1:09:16]} Ng6
{[%clk 1:15:44]} 11. Ne4 {[%clk 1:03:20]} Bc7 {[%clk 1:14:10]} 12. Nf2
{[%clk 0:58:44]} Bh5 {[%clk 1:12:53]} 13. Nh3 {[%clk 0:56:15]} Nce7
{[%clk 1:11:01]} 14. Qb3 {[%clk 0:53:11]} Nd5 {[%clk 0:47:45]} 15. Be4
{[%clk 0:42:16]} Ne3 {[%clk 0:46:21]} 16. Bxe3 {[%clk 0:40:51]} fxe3
{[%clk 0:46:42]} 17. Rae1 {[%clk 0:40:13]} Kh8 {[%clk 0:26:38]} 18. Rxe3
{[%clk 0:35:54]} f5 {[%clk 0:23:49]} 19. Bd5 {[%clk 0:31:11]} h6 {[%clk 0:22:03]}
20. Rfe1 {[%clk 0:26:06]} Rb8 {[%clk 0:21:45]} 21. Bf7 {[%clk 0:21:28]} Bxf3
{[%clk 0:16:20]} 22. Rxf3 {[%clk 0:19:33]} Nh4 {[%clk 0:16:42]} 23. Rf2
{[%clk 0:18:57]} Bxh2+ {[%clk 0:11:10]} 24. Kxh2 {[%clk 0:19:10]} Qc7+
{[%clk 0:11:35]} 25. g3 {[%clk 0:19:10]} Rxf7 {[%clk 0:11:58]} 26. Nf4
{[%clk 0:18:20]} g5 {[%clk 0:11:51]} 27. Ne6 {[%clk 0:17:05]} Qe7
{[%clk 0:07:57]} 28. gxh4 {[%clk 0:17:20]} g4 {[%clk 0:08:09]} 29. Kg2
{[%clk 0:11:19]} Rg8 {[%clk 0:03:56]} 30. Ng5 {[%clk 0:08:56]} Qxe1
{[%clk 0:03:09]} 31. Qxf7 {[%clk 0:09:15]} hxg5 {[%clk 0:03:26]} 32. Qh5+
{[%clk 0:09:37]} Kg7 {[%clk 0:03:26]} 33. Qxg5+ {[%clk 0:10:00]} Kh7
{[%clk 0:03:40]} 34. Qxf5+ {[%clk 0:10:15]} Kh6 {[%clk 0:03:27]} 35. Qf6+
{[%clk 0:07:53]} Kh7 {[%clk 0:03:48]} 36. Qe5 {[%clk 0:06:17]} Qa1
{[%clk 0:00:37]} 37. Qh5+ {[%clk 0:06:35]} Kg7 {[%clk 0:00:57]} 38. Rf7# 1-0

[Event "Chess House 2012"]
[Site "?"]
[Date "2012.07.11"]
[Round "5.9"]
[White "Papp, 2303, WGM Petra"]
[Black "Pedersen, 2454, IM Nicolai V."]
[Result "1/2-1/2"]
[LiveChessVersion "1.3.1"]
[BlackElo "2454"]
[WhiteElo "2303"]

1. e4 {[%clk 1:30:55]} e5 {[%clk 1:30:47]} 2. Nf3 {[%clk 1:30:48]} Nc6
{[%clk 1:31:03]} 3. Bb5 {[%clk 1:31:12]} Nge7 {[%clk 1:30:54]} 4. O-O
{[%clk 1:30:38]} g6 {[%clk 1:29:14]} 5. c3 {[%clk 1:29:55]} Bg7 {[%clk 1:26:27]}
6. d4 {[%clk 1:29:59]} exd4 {[%clk 1:18:21]} 7. cxd4 {[%clk 1:30:05]} a6
{[%clk 1:17:30]} 8. Ba4 {[%clk 1:29:49]} O-O {[%clk 1:14:34]} 9. d5
{[%clk 1:23:03]} Na5 {[%clk 1:10:45]} 10. Bd2 {[%clk 1:03:09]} Nc4
{[%clk 0:58:33]} 11. Bb3 {[%clk 1:02:44]} Nxd2 {[%clk 0:48:33]} 12. Qxd2
{[%clk 1:03:06]} d6 {[%clk 0:47:38]} 13. Nc3 {[%clk 1:03:08]} Bg4
{[%clk 0:31:58]} 14. Nd4 {[%clk 0:59:50]} c5 {[%clk 0:25:44]} 15. dxc6
{[%clk 0:50:42]} Nxc6 {[%clk 0:21:42]} 16. Nc2 {[%clk 0:45:11]} Na5
{[%clk 0:17:10]} 17. Bd5 {[%clk 0:43:35]} Rc8 {[%clk 0:16:24]} 18. Ne3
{[%clk 0:43:07]} Be6 {[%clk 0:15:59]} 19. Rfd1 {[%clk 0:36:58]} Bxc3
{[%clk 0:07:03]} 20. bxc3 {[%clk 0:34:38]} Re8 {[%clk 0:07:12]} 21. f3
{[%clk 0:32:40]} b5 {[%clk 0:04:59]} 22. Qd4 {[%clk 0:31:27]} Nc6
{[%clk 0:03:21]} 23. Bxc6 {[%clk 0:29:03]} Rxc6 {[%clk 0:03:43]} 24. e5
{[%clk 0:29:19]} Qb8 {[%clk 0:03:01]} 25. exd6 {[%clk 0:24:43]} Rd8
{[%clk 0:03:16]} 26. Qe5 {[%clk 0:20:49]} Rcxd6 {[%clk 0:02:48]} 27. Rd4
{[%clk 0:20:37]} b4 {[%clk 0:00:34]} 28. Rxd6 {[%clk 0:15:11]} Rxd6
{[%clk 0:00:52]} 29. f4 {[%clk 0:15:27]} Rb6 {[%clk 0:00:34]} 30. Qxb8+
{[%clk 0:08:19]} Rxb8 {[%clk 0:01:02]} 31. Rb1 {[%clk 0:07:51]} b3
{[%clk 0:00:40]} 32. Kf2 {[%clk 0:03:40]} a5 {[%clk 0:00:41]} 33. axb3
{[%clk 0:02:16]} Rxb3 {[%clk 0:00:52]} 34. Ra1 {[%clk 0:02:18]} Rb2+
{[%clk 0:00:38]} 35. Kf3 {[%clk 0:02:30]} Ba2 {[%clk 0:00:36]} 36. c4
{[%clk 0:01:48]} Kf8 {[%clk 0:00:58]} 37. h3 {[%clk 0:00:49]} a4 {[%clk 0:01:10]}
38. Ke4 {[%clk 0:00:33]} Bb3 {[%clk 0:01:06]} 39. Kd4 {[%clk 0:00:34]} Rf2
{[%clk 0:00:42]} 40. Rf1 {[%clk 0:00:33]} Rd2+ {[%clk 0:00:34]} 41. Kc3
{[%clk 0:29:11]} Rd7 {[%clk 0:22:55]} 42. Nd5 {[%clk 0:25:04]} Rb7
{[%clk 0:16:09]} 43. Re1 {[%clk 0:24:10]} Rb8 {[%clk 0:15:00]} 44. Ra1
{[%clk 0:20:37]} Rc8 {[%clk 0:13:25]} 45. Nb6 {[%clk 0:18:59]} Rc6
{[%clk 0:11:43]} 46. Nxa4 {[%clk 0:18:30]} Bxc4 {[%clk 0:11:00]} 1/2-1/2

[Event "Chess House 2012"]
[Site "?"]
[Date "2012.07.11"]
[Round "5.10"]
[White "Hansen, 2341, FM Mads"]
[Black "Jacobsen, 2302, Bo"]
[Result "1-0"]
[LiveChessVersion "1.3.1"]
[BlackElo "2302"]
[WhiteElo "2341"]

1. e4 {[%clk 1:30:56]} e5 {[%clk 1:30:48]} 2. Nc3 {[%clk 1:31:03]} Nf6
{[%clk 1:29:50]} 3. f4 {[%clk 1:30:47]} d5 {[%clk 1:30:15]} 4. fxe5
{[%clk 1:31:10]} Nxe4 {[%clk 1:30:39]} 5. Nf3 {[%clk 1:31:35]} Nc6
{[%clk 1:27:46]} 6. Qe2 {[%clk 1:29:35]} Bf5 {[%clk 1:23:15]} 7. d3
{[%clk 1:25:58]} Nxc3 {[%clk 1:19:51]} 8. bxc3 {[%clk 1:26:25]} d4
{[%clk 1:18:05]} 9. Bb2 {[%clk 1:20:02]} dxc3 {[%clk 1:08:30]} 10. Bxc3
{[%clk 1:20:25]} Bc5 {[%clk 1:08:47]} 11. d4 {[%clk 1:08:52]} Nxd4
{[%clk 1:02:59]} 12. Bxd4 {[%clk 1:07:10]} Bxd4 {[%clk 1:01:41]} 13. O-O-O
{[%clk 1:07:34]} c5 {[%clk 0:59:03]} 14. c3 {[%clk 1:05:42]} O-O {[%clk 0:57:45]}
15. cxd4 {[%clk 1:04:03]} Qa5 {[%clk 0:29:13]} 16. Kb2 {[%clk 1:01:09]} cxd4
{[%clk 0:10:04]} 17. Nxd4 {[%clk 0:55:18]} Qb4+ {[%clk 0:10:24]} 18. Ka1
{[%clk 0:52:02]} Rfd8 {[%clk 0:10:46]} 19. Qb2 {[%clk 0:49:26]} 1-0